Statistiche per Ricostruisci la Carriera del Calciatore - Cristiano Biraghi

Clicka qui per fare il quiz!

Statistiche generali

  • Questo quiz è stato fatto 2 volte
  • Il punteggio medio è 6 su 10

Statistiche sulle risposte

HintRisposta% Corretto
2013-2014Catania
100%
2011-2012Juve Stabia
100%
2014-2015Chievo
50%
2012-2013Cittadella
50%
2020- Fiorentina
50%
2015-2016Granada
50%
2010-2011 Inter
50%
2019-2020Inter
50%
2016-2017 Pescara
50%
2017-2019 Fiorentina
0%

Distribuzione punteggi

Percentile per numero di risposta

Percentuale di utenti per punteggio

I tuoi punteggi nel tempo

Non hai fatto questo quiz